1308 1297 1823 1948 1838 1087 1117 1530 1398 1629 1893 1292 1216 1969 1206 1202 1125 1820 1098 1416 1728 1042 1756 1907 1252 1958 1803 1341 1888 1061 1737 1609 1764 1811 1197 1797 1731 1770 1411 1640 1212 1809 1847 1034 1461 1829 1360 1059 1868 1986 1097 1990 1623 1313 1437 1698 1550 1665 1657 1130 1796 1315 1397 1281 1244 1329 1050 1169 1078 1707 1435 1164 1912 1381 1529 1686 1471 1481 1376 1132 1028 1963 1780 1751 1613 1373 1863 1033 1366 1343 1928 1218 1030 1266 1462 1027 1859 1569 1120 BCNSPRNW ULIB Ver.6.0+V

เปลี่ยนเป็นภาษาไทย

Change to English
 แสดงรายละเอียดบรรณานุกรม
  กลับหน้าหลัก

Brief Record : Get Marc (ISO 2709) : E-mail record : QR code < ปิดหน้าต่าง
LEADER : 00000nam 2200000uu 4500
001    13399113516
003     ULIB
008    110627s2550||||th 000 0 tha d
020    9789747519174
090    นว.^bก385ด 2550
100 0  กัณทิรา
245 00 เดิมพันหัวใจ/^cกัณทิรา
250    พิมพ์ครั้งที่ 1
260    กรุงเทพฯ :^bSugar Beat,^c2550
300    331 หน้า
710 1  Sugar Beat
945    ^p230^l0^i022037
995    ทศพร
999 ^a ใช้งานได้ทุกระบบ
รายการนี้ยังไม่มีแท็ก
คุณยังไม่ได้ล็อกอิน คุณสามารถมีกิจกรรมร่วมกับเว็บไซต์ได้ แต่ต้องล็อกอินก่อน ::
  ล็อกอิน

รายการสื่อสารสนเทศ

ลำดับที่ ประเภท เลขเรียก/บาร์โค้ด สถานที่ สถานะ
1. นวนิยาย
นวนิยาย
นว. ก385ด 2550 ฉ.1 
  Barcode: 022037
ห้องสมุดวิทยาเขตสวรรค์ประชารักษ์
►นวนิยาย
บนชั้น
  ขอยืม

BibComment


ยังไม่เคยถูกคอมเมนท์

คอมเมนท์ทรัพยากรรายการนี้
  คอมเมนท์: เดิมพันหัวใจ กัณท..


 Copyright 2026. Bcnsprnw @Library